Faunal Diversity of Biogeographic Zones of India: (Record no. 201224)
[ view plain ]
| 000 -LEADER | |
|---|---|
| fixed length control field | 00808nam a22002417a 4500 |
| 005 - DATE AND TIME OF LATEST TRANSACTION | |
| control field | 20240305140514.0 |
| 010 ## - LCCN (DPL NO) | |
| LC control number | ENG-139536 |
| 020 ## - INTERNATIONAL STANDARD BOOK NUMBER | |
| International Standard Book Number | 9788181715654 |
| Terms of availability | 6475.00 |
| 035 ## - SYSTEM CONTROL NUMBER | |
| System control number | EN-123068 |
| 037 ## - SOURCE OF ACQUISITION | |
| Source of stock number/acquisition | DBAD/PUB |
| 082 ## - DEWEY DECIMAL CLASSIFICATION NUMBER | |
| Classification number | 577.6809541 |
| Edition number | 1 |
| 100 ## - MAIN ENTRY--PERSONAL NAME | |
| Personal name | Chandra, Kailash |
| 245 ## - TITLE STATEMENT | |
| Title | Faunal Diversity of Biogeographic Zones of India: |
| Remainder of title | North-East/ |
| Statement of responsibility, etc | By Kailash Chandra...[et.al] |
| 250 ## - EDITION STATEMENT | |
| Edition statement | 1 |
| 260 ## - PUBLICATION, DISTRIBUTION, ETC. (IMPRINT) | |
| Place of publication, distribution, etc | Kolkata |
| Name of publisher, distributor, etc | Zoological Survey of India |
| Date of publication, distribution, etc | 2021 |
| 270 ## - ADDRESS | |
| Address | M-Block, New Alipore |
| City | Kolkata |
| Postal code | 700053 |
| 300 ## - PHYSICAL DESCRIPTION | |
| Extent | 720p. |
| Dimensions | 28cm(hbk) |
| Other physical details | Includes Index, ill.Col. |
| 700 ## - ADDED ENTRY--PERSONAL NAME | |
| Personal name | Kosygin, Laishram |
| Relator term | Author |
| 9 (RLIN) | 62790 |
| 700 ## - ADDED ENTRY--PERSONAL NAME | |
| Personal name | Raghunathan, C. |
| Relator term | Author |
| 9 (RLIN) | 62798 |
| 700 ## - ADDED ENTRY--PERSONAL NAME | |
| Personal name | Gupta, Devanshu |
| Relator term | Author |
| 9 (RLIN) | 62799 |
| 942 ## - ADDED ENTRY ELEMENTS (KOHA) | |
| Source of classification or shelving scheme | Dewey Decimal Classification |
| Classification part | 577.6809541 |
| Item type | English Books |
| Call number suffix | CHA |
| Edition | 1 |
| Withdrawn status | Lost status | Not for loan | Collection code | Home library | Current library | Date acquired | Source of acquisition | Cost, normal purchase price | Full call number | Barcode | Copy number | Cost, replacement price | Koha item type |
|---|---|---|---|---|---|---|---|---|---|---|---|---|---|
| Not For Loan | Reference | Ashok Vihar | Ashok Vihar | 05/03/2024 | DBAD | 6475.00 | 577.6809541 CHA | EN-123068 | 1 | 6475.00 | English Books |
